书目信息 |
| 题名: |
超好用超好记15000俄语单词随身背
|
|
| 作者: | 娜塔莉娅·全 , 黄苏华 , 严宇绯 主编 | |
| 分册: | ||
| 出版信息: | 北京 海豚出版社 2018.07 |
|
| 页数: | 512页 | |
| 开本: | 20cm | |
| 丛书名: | ||
| 单 册: | ||
| 中图分类: | H353 | |
| 科图分类: | ||
| 主题词: | 俄语 | |
| 电子资源: | ||
| ISBN: | 978-7-5110-3906-4 | |
| 000 | 00741nam0 2200217 450 | |
| 001 | 1930702813 | |
| 005 | 20191022084521.06 | |
| 010 | @a978-7-5110-3906-4@dCNY49.80 | |
| 100 | @a20191022d2018 km y0chiy0120 ea | |
| 101 | 0 | @achi |
| 102 | @aCN@b110000 | |
| 200 | 1 | @a超好用超好记15000俄语单词随身背@Achao hao yong chao hao ji 15000 e yu dan ci sui shen bei@f(俄)娜塔莉娅·全,黄苏华,严宇绯主编@F(e)na ta li ya·quan,huang su hua,yan yu fei zhu bian |
| 210 | @a北京@c海豚出版社@d2018.07 | |
| 215 | @a512页@d20cm | |
| 606 | 0 | @a俄语 |
| 690 | @aH353@v4 | |
| 701 | 0 | @a娜塔莉娅·全@Ana ta li ya·quan@4主编 |
| 701 | 0 | @a黄苏华@Ahuang su hua@4主编 |
| 701 | 0 | @a严宇绯@Ayan yu fei@4主编 |
| 801 | 0 | @aCN@bMUSE@c20191022 |
| 905 | @aMUSE@dH353@eN050 | |
| 超好用超好记15000俄语单词随身背/(俄)娜塔莉娅·全,黄苏华,严宇绯主编.-北京:海豚出版社,2018.07 |
| 512页;20cm |
| ISBN 978-7-5110-3906-4:CNY49.80 |
| ● |
| 相关链接 |
|
|
|
正题名:超好用超好记15000俄语单词随身背
索取号:H353/N050
 
预约/预借
| 序号 | 登录号 | 条形码 | 馆藏地/架位号 | 状态 | 备注 |
| 1 | 1239855 | 212398555 | 测绘与城市空间信息学院资料室/ [索取号:H353/N050] | 在馆 |